000 01252cam a22002774a 4500
001 13430718
005 20250603103417.0
008 031210s2004 enk b 001 0 eng
020 _a1403933979 (cloth)
050 0 0 _aHD62.25
_b.W373 2004
082 0 0 _a658/.045
_222
100 1 _aWard, John L.,
_d1945-
245 1 0 _aPerpetuating the family business :
_b50 lessons learned from long-lasting, successful families in business /
_cJohn L. Ward.
260 _aHoundmills, Basingstoke, Hampshire ;
_aNew York :
_bPalgrave Macmillan,
_c2004.
300 _axi, 178 p. ;
_c24 cm.
650 0 _aFamily corporations
_xManagement.
650 0 _aFamily-owned business enterprises
_xManagement.
650 0 _aSuccess in business.
650 0 _aFamily corporations
_xManagement
_vCase studies.
650 0 _aFamily-owned business enterprises
_xManagement
_vCase studies.
650 0 _aSuccess in business
_vCase studies.
856 4 2 _3Publisher description
_uhttp://www.loc.gov/catdir/description/hol042/2003066149.html
856 4 2 _3Contributor biographical information
_uhttp://www.loc.gov/catdir/enhancements/fy0615/2003066149-b.html
856 4 1 _3Table of contents only
_uhttp://www.loc.gov/catdir/enhancements/fy0615/2003066149-t.html
942 _2lcc
_cBK
_n0
999 _c6190
_d6190